SZA - Normal Girl (All Lyrics) - Statistics

General Stats
  • This quiz has been taken 170 times
  • The average score is 331 of 459
Answer Stats
Answer % Correct
I
98%
a
96%
a-
96%
You
96%
you
96%
(you
96%
no
95%
No
95%
no,
95%
(no
95%
girl
94%
girl,
94%
Wish
92%
wish
92%
the
91%
The
91%
to
91%
was
91%
my
90%
my),
90%
Normal
89%
normal
89%
be
86%
Be
86%
be,
86%
be),
86%
be?
86%
love
85%
Love
85%
Say
85%
say
85%
how
83%
How
83%
your
83%
way
82%
It
81%
it,
81%
it
81%
it),
81%
of
81%
of,
81%
take
80%
lose
79%
at
78%
cool,
78%
look
78%
proud
78%
proud,
78%
When
78%
(when
78%
when
78%
mama,
77%
mama
77%
type
77%
Type
77%
like
75%
Like
75%
(like
75%
like,
75%
or
75%
daddy,
74%
do
74%
know
74%
that
74%
top,
74%
mama
73%
oh
73%
(oh
73%
oh,
73%
ooh,
73%
Stick
69%
around
68%
stop
68%
why?
67%
pop
66%
for
65%
home
65%
fighting,
64%
fellas
62%
fellas,
62%
yeah
60%
(yeah)
60%
this
59%
This
59%
he'd
57%
hip
57%
down
56%
"Get
56%
can't
55%
I'll
55%
over
55%
Wanna
55%
wanna
55%
ain't
54%
tryna
54%
affection,
51%
bust
51%
if
51%
so
51%
aggressive
50%
and
47%
baby?
47%
on",
47%
on
47%
stopping
47%
good
46%
good,
46%
they'd
45%
want
45%
time
44%
living
43%
Living
43%
next
43%
year,
43%
just
41%
remember
41%
never
39%
won't
38%
name,
37%
pain,
37%
swear
37%
fist
36%
I'm
36%
out
34%
got
33%
put
33%
while,
33%
kind
32%
pump
32%
boy
31%
figure
29%
ready
29%
really
29%
took
27%
what
27%
now?
26%
now
26%
waiting
25%
waiting,
25%
Before
23%
her
21%
figured
19%
right
16%
yourself
14%
'cause
13%
calling
12%
up
12%
world,
12%
gonna
8%
find
7%
fantasy,
6%
fantasy)
6%
going
6%
problem
5%
Quit
5%
probably,
3%
probably
3%
No matching quizzes found
Score Distribution
Percent of People with Each Score
Percentile by Number Answered
Your Score History
You have not taken this quiz